<?xml version="1.0" encoding="UTF-8"?>
<collection xmlns="http://www.loc.gov/MARC21/slim">
 <record>
  <leader>01057nam a2200253   4500</leader>
  <controlfield tag="001">000025298</controlfield>
  <controlfield tag="003">21791</controlfield>
  <controlfield tag="005">20170920080906.0</controlfield>
  <controlfield tag="008">170920s2016                        viesd</controlfield>
  <datafield tag="041" ind1="0" ind2=" ">
   <subfield code="a">vie</subfield>
  </datafield>
  <datafield tag="100" ind1="1" ind2=" ">
   <subfield code="a">Nguyễn Đức Lộc</subfield>
   <subfield code="c">PGS.TS.</subfield>
   <subfield code="e">chủ biên</subfield>
  </datafield>
  <datafield tag="245" ind1="1" ind2="0">
   <subfield code="a">Đời sống xã hội Việt Nam đương đại</subfield>
   <subfield code="c">Nguyễn Đức Lộc chủ biên, nhiều tác giả</subfield>
  </datafield>
  <datafield tag="260" ind1=" " ind2=" ">
   <subfield code="a">H.</subfield>
   <subfield code="b">Tri thức</subfield>
   <subfield code="c">2016</subfield>
  </datafield>
  <datafield tag="300" ind1=" " ind2=" ">
   <subfield code="a">2 tập</subfield>
   <subfield code="c">21 cm.</subfield>
  </datafield>
  <datafield tag="774" ind1=" " ind2=" ">
   <subfield code="b">Tái bản lần thức nhất</subfield>
   <subfield code="d">H.</subfield>
   <subfield code="d">Trí thức</subfield>
   <subfield code="d">2016</subfield>
   <subfield code="g">Tập 1</subfield>
   <subfield code="h">328 tr.</subfield>
   <subfield code="t">Tình cảnh sống của người công nhân : thân phận, rủi ro và chiến lược sống</subfield>
   <subfield code="w">21792</subfield>
   <subfield code="z">978­604­943­159­3</subfield>
  </datafield>
  <datafield tag="774" ind1=" " ind2=" ">
   <subfield code="d">H.</subfield>
   <subfield code="d">Trí thức</subfield>
   <subfield code="d">2016</subfield>
   <subfield code="g">Tập 2</subfield>
   <subfield code="h">603 tr.</subfield>
   <subfield code="t">Những người thiểu số ở đô thị : lựa chọn, trở thành, khác biệt</subfield>
   <subfield code="w">21793</subfield>
   <subfield code="z">978­604­943­338­2</subfield>
  </datafield>
  <datafield tag="OWN" ind1=" " ind2=" ">
   <subfield code="a">LSP</subfield>
  </datafield>
  <datafield tag="999" ind1=" " ind2=" ">
   <subfield code="a">From the UDN01</subfield>
  </datafield>
  <datafield tag="TYP" ind1=" " ind2=" ">
   <subfield code="a">Monograph</subfield>
  </datafield>
  <datafield tag="TYP" ind1=" " ind2=" ">
   <subfield code="a">Printed language</subfield>
  </datafield>
  <datafield tag="980" ind1=" " ind2=" ">
   <subfield code="a">Mạng thư viện Đại học Đà Nẵng</subfield>
  </datafield>
 </record>
</collection>
